| 000 | 01088nam a22001937a 4500 | ||
|---|---|---|---|
| 003 | JO-AjAnu | ||
| 005 | 20250714021507.0 | ||
| 008 | 250714b jo ||||| |||| 00| 0 ara d | ||
| 040 |
_aANU _cJO-AjAnu |
||
| 041 | _hARA | ||
| 100 |
_aالمومني، ايهاب امين محمد _eمعد _966565 |
||
| 245 |
_aاثر الإدارة الإلكترونية في التنمية المستدامة لخدمات المستشفيات الخاصة في إقليم الشمال = The Impact of Electronic Management on Sustainable Development of Private Hospital Services at the Northern Region _c / إعداد ايهاب امين محمد المومني ؛ اشراف امجد فهد الطويقات |
||
| 260 | _c2025 | ||
| 300 | _a78 ورقة | ||
| 500 | _aرسالة جامعية (رسالة ماجستير في ادارة الأعمال) - جامعة عجلون الوطنية (الاردن-عجلون)، كلية الأعمال ، 2025 | ||
| 600 | _vالإدارة-معالجة البيانات | ||
| 700 |
_aالطويقات، امجد فهد _eمشرف _966566 |
||
| 942 |
_2lcc _cTHS _n0 |
||
| 999 |
_c33928 _d33928 |
||